000 01178nam a2200349 i 4500
005 20220317002016.0
007 ta
008 201105s2019 ck ||||j |||| 00| f spa d
020 _a9789584280671
040 _aCO-BoRNBP
_bspa
_erda
_cCO-BoRNBP
041 0 _aspa
084 _aC ALV14
100 1 _aÁlvarez, Juan
_d1978-
_eautor
245 1 0 _aAún el agua
_cJuan Álvarez.
250 _aPrimera edición
264 1 _aBogotá
_bPlaneta Colombiana
_bSeix Barral
_c2019
300 _a160 páginas
_c23 cm
336 _2rdacontent
_atexto
_btxt
337 _2rdamedia
_asin mediación
_bn
338 _2rdacarrier
_avolumen
_bnc
490 0 _aSeix Barral. Biblioteca breve
521 _aRecomendado para un público mayor de 15 años
545 _aIncluye datos biográficos del autor en la solapa
650 1 7 _2LEMB
_aNovela juvenil colombiana
_ySiglo XX
650 1 7 _2LEMB
_aLiteratura juveniles colombiana
_ySiglo XX
650 1 7 _2LEMB
_aAutores colombianos
650 1 7 _2LEMB
_aInteligencia artificial
_vNovela
650 1 7 _2LEMB
_aNovela de ciencia-ficción
650 1 7 _2LEMB
_aMujeres
_vNovela
650 1 7 _2LEMB
_aAbastecimiento de agua
_vNovela
942 _2loc
_cBKLIT
999 _c8876
_d8876